000 00585nam a2200169Ia 4500
005 20260421124159.0
008 260302s9999 xx 000 0 und d
020 _a9780199290895
_qhbk
082 _a338.9 LIP
100 _aLipsey,Richard G.
245 0 _aEconomic Transformations: General Purpose Technologies and Long-Term Economic Growth
_c/Richard G. Lipsey, Kenneth I. Carlaw, and Clifford T. Bekar
250 _a1st ed.
260 _aNew York:
_b Oxford University Press,
_c2005.
300 _axx,595p.
_c;23cm.
650 _a Economic development and growth
942 _cENGLISH
999 _c616666
_d616666